000 00389nam a22001577a 4500
003 OSt
005 20250710153549.0
008 250710b |||||||| |||| 00| 0 eng d
020 _a978-93-82784-80-7
040 _cIIMT UNIVERSITY
100 _aJAIN, ANIL KUMAR
245 _aSHADBAL
260 _aNEW DELHI
_bAKHIL BHARTYA JYOTISH SANSTHA SANGH
_c2017
300 _a72
942 _2ddc
_c01
999 _c65788
_d65788